000 00605nam a2200229Ia 4500
003 OSt
005 20220928125048.0
006 a|||||r|||| 00| 0
007 ta
008 220927b |||||||| |||| 00| 0 eng d
024 _a57140
037 _cTextual
040 _aSDCL
_cSDCL
_beng
041 _2eng
_aeng
082 _aY31.41'K, L8
100 _aSpence Jonathan D
_9457563
245 0 _aDeath of woman wang
260 _aLondon
_bWeidenfeld and Nicolson
_c1978
300 _axvii,169p
_ccm.
942 _hY31.41'K, L8
_cTEXL
_2CC
999 _c780771
_d780771